Normal view
MARC view
- ROUTERS-COMPUTER NETWORKS COMPUTER NETWORK PROTOCOLS LOCAL AREA NETWORKS-COMPUTER NETWORKS
Entry Topical Term
001 - CONTROL NUMBER
- control field: 56422
003 - CONTROL NUMBER IDENTIFIER
- control field: NUST
005 - DATE AND TIME OF LATEST TRANSACTION
- control field: 20210628201712.0
008 - FIXED-LENGTH DATA ELEMENTS
- fixed length control field: 210628|| aca||aabn | a|a d
040 ## - CATALOGING SOURCE
- Original cataloging agency: NUST
- Transcribing agency: NUST
150 ## - HEADING--TOPICAL TERM
- Topical term or geographic name entry element: ROUTERS-COMPUTER NETWORKS COMPUTER NETWORK PROTOCOLS LOCAL AREA NETWORKS-COMPUTER NETWORKS
670 ## - SOURCE DATA FOUND
- Source citation: Work cat.: (NUST): Perlman, Radia 56421, Interconnections bridges, routers, switches and internetworking protocols, 2000
